| 000 | 00789nam a2200229Ia 4500 | ||
|---|---|---|---|
| 003 | GCL | ||
| 008 | 140319s9999 xx 000 0 ara d | ||
| 020 | _a6230449960 | ||
| 040 |
_aGCL / _cGCL |
||
| 082 | 0 | 4 |
_a362.2 _bو س |
| 100 | 1 | _aوفاء على الشامى | |
| 245 | 1 | 0 |
_aسمات التوحد تطورها وكيفية التعامل معها / _cوفاء على الشامى |
| 250 | _aالاولى | ||
| 260 |
_aالرياض : _bوفاء على الشامى ، _c2004 |
||
| 300 |
_a480 ص ؛ _c27 سم |
||
| 650 | 0 | 4 | _aالاطفال - علم نفس |
| 650 | 0 | 4 | _aالاطفال - رعاية ذهنية |
| 650 | 0 | 4 | _aالاطفال المعوقون |
| 650 | 0 | 4 | _aالاطفال المعوقون - تعليم |
| 650 | 0 | 4 | _aالطفل التوحدى |
| 942 |
_2ddc _cBK |
||
| 999 |
_c57004 _d57004 |
||